Southville International School and Colleges
Your cart is empty.
  • Cart
  • Lists
    Public lists Eva Luna New books Lux_list list_1
    Your lists Log in to create your own lists
  • Log in to your account
  • Your cookies
  • Search history
Southville International School and Colleges
  • Advanced search
  • Recent comments
  • Most popular
  • Libraries

Log in to your account

Log in with GOOGLE


If you do not have an external account, but do have a local account, you can still log in:

  1. Home
  2. MARC view: The world encyclopedia of bread and bread making /
Normal view MARC view ISBD view

The world encyclopedia of bread and bread making / (Record no. 10518)

[ view plain ]
MARC details
000 -LEADER
fixed length control field 00661nam a22002177a 4500
003 - CONTROL NUMBER IDENTIFIER
control field OSt
005 - DATE AND TIME OF LATEST TRANSACTION
control field 20140310182213.0
008 - FIXED-LENGTH DATA ELEMENTS--GENERAL INFORMATION
fixed length control field 130906t xxu||||| |||| 00| 0 eng d
020 ## - INTERNATIONAL STANDARD BOOK NUMBER
International Standard Book Number 1859679129
050 ## - LIBRARY OF CONGRESS CALL NUMBER
Classification number TX 769
Item number .In54 1999
082 ## - DEWEY DECIMAL CLASSIFICATION NUMBER
Classification number HS 641.8
Item number In4 1999
100 ## - MAIN ENTRY--PERSONAL NAME
Personal name Ingram, Christine
9 (RLIN) 16862
245 ## - TITLE STATEMENT
Title The world encyclopedia of bread and bread making /
Statement of responsibility, etc Christine Ingram /
260 ## - PUBLICATION, DISTRIBUTION, ETC. (IMPRINT)
Place of publication, distribution, etc London :
Name of publisher, distributor, etc Lorenz Books,
Date of publication, distribution, etc c1999.
300 ## - PHYSICAL DESCRIPTION
Extent 256 p. :
Other physical details col. ill. ;
Dimensions 30 cm.
650 ## - SUBJECT ADDED ENTRY--TOPICAL TERM
Topical term or geographic name as entry element Bread.
9 (RLIN) 16453
650 ## - SUBJECT ADDED ENTRY--TOPICAL TERM
Topical term or geographic name as entry element Bread
General subdivision encyclopedias, hardbooks, manuals,
9 (RLIN) 16863
650 ## - SUBJECT ADDED ENTRY--TOPICAL TERM
Topical term or geographic name as entry element Shapter, Jennie
9 (RLIN) 16864
942 ## - ADDED ENTRY ELEMENTS (KOHA)
Source of classification or shelving scheme Library of Congress Classification
Koha item type
Holdings
Withdrawn status Lost status Source of classification or shelving scheme Damaged status Home library Current library Shelving location Date acquired Total Checkouts Full call number Barcode Date last seen Copy number Price effective from Koha item type
    Library of Congress Classification   Luxembourg Library Luxembourg Library High School Section 09/06/2013   TX 769 .In54 1999 8682 08/10/2015 15447 09/06/2013 Books

The world encyclopedia of bread and bread making /

APA

Ingram C., . (1999). The world encyclopedia of bread and bread making. London: Lorenz Books.

Chicago

Ingram Christine, . 1999. The world encyclopedia of bread and bread making. London: Lorenz Books.

Harvard

Ingram C., . (1999). The world encyclopedia of bread and bread making. London: Lorenz Books.

MLA

Ingram Christine, . The world encyclopedia of bread and bread making. London: Lorenz Books. 1999.

  • Place hold
  • Print
  • Cite
  • Add to your cart (remove)
  • Save record
    BIBTEX Dublin Core MARCXML MARC (non-Unicode/MARC-8) MARC (Unicode/UTF-8) MARC (Unicode/UTF-8, Standard) MODS (XML) RIS
  • More searches
    Search for this title in:
    Other Libraries (WorldCat) Other Databases (Google Scholar) Online Stores (Bookfinder.com) Open Library (openlibrary.org)

Exporting to Dublin Core...

SOUTHVILLE LIBRARY

Southville International School and Colleges Library

1281 Tropical Ave. Cor. Luxembourg St., BF Homes International, Las Pinas City

Tel. No. 8256374 / 252358 Loc. 117/146

Powered by Koha